| 000 | 00436nam a22001697a 4500 | ||
|---|---|---|---|
| 003 | MPLRDC | ||
| 005 | 20220104125710.0 | ||
| 008 | 210129b ||||| |||| 00| 0 eng d | ||
| 082 | _a592.092 WJD c.2 | ||
| 100 | _a王建东编著 | ||
| 245 |
_a孙子兵法 _c |
||
| 260 |
_a _b智扬出版社 _c1991 |
||
| 300 | _b精 | ||
| 490 | _a中国兵法体系精解 | ||
| 650 | _a兵法; 作战法--孙子兵法 | ||
| 942 |
_cBK _o592.092 WJD c.2 |
||
| 999 |
_c29435 _d29425 |
||